2:ans Hållplatser - Statistics

General Stats
  • This quiz has been taken 27 times
  • The average score is 18 of 27
Answer Stats
Order Answer % Correct
3 Botaniska trädgården
100%
13 Brunnsparken
100%
14 Centralstationen
100%
12 Domkyrkan
100%
4 Linnéplatsen
100%
2 Marklandsgatan
100%
16 Scandinavium
100%
10 Vasaplatsen
100%
11 Grönsakstorget
80%
8 Handelshögskolan
80%
17 Korsvägen
80%
5 Olivedalsgatan
80%
9 Vasa victoriagatan
80%
7 Brunnsgatan
60%
20 Elisedal
60%
1 Högsbotorp
60%
22 Lana
60%
6 Seminariegatan
60%
15 Södra Ullevi
60%
19 Almedal
40%
18 Getebergsäng
40%
25 Lackarebäck
40%
27 Mölndals innerstad
40%
26 Mölndals sjukhus
40%
24 Krokslätts fabriker
20%
23 Krokslätts torg
20%
21 Varbergsgatan
20%
No matching quizzes found
Score Distribution
Percent of People with Each Score
Percentile by Number Answered
Your Score History
You have not taken this quiz